Kết hợp Đông Tây y chữa một số bệnh khó

Trình bày những kiến thức cơ bản kết hợp y học hiện đại và y học cổ truyền để vận dụng trong lâm sàng chữa bệnh thuộc hệ tim mạch, bệnh thuộc hệ tiêu hoá, hệ hô hấp, hệ thần kinh, niệu sinh dục, nội tiết và máu, bệnh truyền nhiễ...

Szczegółowa specyfikacja

Zapisane w:
Opis bibliograficzny
Format: Książka
Język:Undetermined
Wydane: Hà Nội Y học 2009
Hasła przedmiotowe:
Etykiety: Dodaj etykietę
Nie ma etykietki, Dołącz pierwszą etykiete!
Thư viện lưu trữ: Trung tâm Học liệu Trường Đại học Cần Thơ
LEADER 00928nam a2200193Ia 4500
001 CTU_148050
008 210402s9999 xx 000 0 und d
020 |c 96000 
082 |a 616 
082 |b K258/P.1 
245 0 |a Kết hợp Đông Tây y chữa một số bệnh khó 
245 0 |c Bành Văn Khìu chủ biên 
260 |a Hà Nội 
260 |b Y học 
260 |c 2009 
520 |a Trình bày những kiến thức cơ bản kết hợp y học hiện đại và y học cổ truyền để vận dụng trong lâm sàng chữa bệnh thuộc hệ tim mạch, bệnh thuộc hệ tiêu hoá, hệ hô hấp, hệ thần kinh, niệu sinh dục, nội tiết và máu, bệnh truyền nhiễm 
650 |a Medicine, Oriental,Đông y 
904 |i Duy Bằng 
980 |a Trung tâm Học liệu Trường Đại học Cần Thơ